|
|
|
|
| LEADER |
00000cam a2200000 c 4500 |
| 001 |
1615143017 |
| 003 |
DE-627 |
| 005 |
20251225195820.0 |
| 007 |
tu |
| 008 |
970612s1995 xx ||||| 00| ||eng c |
| 020 |
|
|
|a 0952448904
|9 0-9524489-0-4
|
| 020 |
|
|
|z 0952448904
|
| 035 |
|
|
|a (DE-627)1615143017
|
| 035 |
|
|
|a (DE-576)059545194
|
| 035 |
|
|
|a (DE-599)BSZ059545194
|
| 035 |
|
|
|a (OCoLC)34355513
|
| 040 |
|
|
|a DE-627
|b ger
|c DE-627
|e rakwb
|
| 041 |
|
|
|a eng
|
| 082 |
0 |
|
|a 364.1523092
|
| 100 |
1 |
|
|a Beadle, William
|4 aut
|
| 245 |
1 |
0 |
|a Jack the Ripper
|b anatomy of a myth
|c by William Beadle
|
| 264 |
|
1 |
|a Dagenham
|b Wat Tyler Books
|c 1995
|
| 300 |
|
|
|a X, 181 S.
|
| 336 |
|
|
|a Text
|b txt
|2 rdacontent
|
| 337 |
|
|
|a ohne Hilfsmittel zu benutzen
|b n
|2 rdamedia
|
| 338 |
|
|
|a Band
|b nc
|2 rdacarrier
|
| 583 |
1 |
|
|a Archivierung prüfen
|c 20200919
|f DE-640
|z 1
|2 pdager
|
| 689 |
0 |
0 |
|d p
|0 (DE-588)119004356
|0 (DE-627)695644602
|0 (DE-576)210676434
|a Jack
|c the Ripper
|2 gnd
|
| 689 |
0 |
|
|5 (DE-627)
|
| 951 |
|
|
|a BO
|
| ELC |
|
|
|b 1
|
| LOK |
|
|
|0 000 xxxxxcx a22 zn 4500
|
| LOK |
|
|
|0 001 3189604037
|
| LOK |
|
|
|0 003 DE-627
|
| LOK |
|
|
|0 004 1615143017
|
| LOK |
|
|
|0 005 19970704000000
|
| LOK |
|
|
|0 008 970612||||||||||||||||ger|||||||
|
| LOK |
|
|
|0 040
|a DE-21
|c DE-627
|d DE-21
|
| LOK |
|
|
|0 852
|a DE-21
|
| LOK |
|
|
|0 852 1
|c KB 19 A 5741
|9 00
|
| LOK |
|
|
|0 935
|a krim
|
| LOK |
|
|
|0 936ln
|a k10.8
|
| LOK |
|
|
|0 939
|a 12-06-97
|b l01
|
| ORI |
|
|
|a SA-MARC-krimdoka001.raw
|
| SIG |
|
|
|a UB: KB 19 A 5741
|